Common repair, common sense (Record no. 110085)
[ view plain ]
| 000 -LEADER | |
|---|---|
| fixed length control field | 01441cad a22002535a 4500 |
| 001 - CONTROL NUMBER | |
| control field | E148526 |
| 008 - FIXED-LENGTH DATA ELEMENTS--GENERAL INFORMATION | |
| fixed length control field | 090929s2009 xxka f 000 0 eng d |
| 035 ## - SYSTEM CONTROL NUMBER | |
| System control number | (Sirsi) u148526 |
| 041 0# - LANGUAGE CODE | |
| Language code of text/sound track or separate title | eng |
| 050 04 - LIBRARY OF CONGRESS CALL NUMBER | |
| Classification number | 331.2 $2 18 |
| 110 2# - MAIN ENTRY--CORPORATE NAME | |
| Corporate name or jurisdiction name as entry element | Consumer Focus Scotland |
| 9 (RLIN) | 5748 |
| 245 00 - TITLE STATEMENT | |
| Title | Common repair, common sense |
| Remainder of title | a short guide to the management of tenements in Scotland |
| Medium | [electronic resource] |
| 250 ## - EDITION STATEMENT | |
| Edition statement | 2nd ed. |
| 260 ## - PUBLICATION, DISTRIBUTION, ETC. | |
| Place of publication, distribution, etc. | Glasgow |
| Name of publisher, distributor, etc. | Consumer Focus Scotland |
| Date of publication, distribution, etc. | 2009 |
| 300 ## - PHYSICAL DESCRIPTION | |
| Extent | 45p. |
| Other physical details | ill. |
| Dimensions | 21cm. |
| 505 2# - FORMATTED CONTENTS NOTE | |
| Formatted contents note | Introduction -- Rights and responsibilities of tenement flat owners -- Managing the tenement -- Managing repairs and building maintenance -- Paying for repairs -- Dealing with difficulties -- Where can we get advice? -- Glossary |
| 520 ## - SUMMARY, ETC. | |
| Summary, etc. | Sets out the responsibilities of those living in flats with regard to the repair and maintenance of common parts such as roofs, stairs and back greens. Offers advice on getting all residents to act together and discusses relevant property law. A more detailed, online only, guide is also available (see E148527). |
| 521 ## - TARGET AUDIENCE NOTE | |
| Target audience note | Introductory |
| 590 ## - LOCAL NOTE (RLIN) | |
| Local note | KA |
| 651 #4 - SUBJECT ADDED ENTRY--GEOGRAPHIC NAME | |
| Geographic name | Scotland |
| Chronological subdivision | 1999- |
| 690 ## - LOCAL SUBJECT ADDED ENTRY--TOPICAL TERM (OCLC, RLIN) | |
| Topical term or geographic name as entry element | PROPERTY-RESIDENTIAL PROPERTY-DOMESTIC RESIDENTIAL PROPERTY-HOUSING-FLATS |
| 856 41 - ELECTRONIC LOCATION AND ACCESS | |
| Uniform Resource Identifier | <a href="https://www.consumerfocus.org.uk/en/content/cms/Scotland/Publications/Consumer_Guides/Consumer_Guides.aspx">https://www.consumerfocus.org.uk/en/content/cms/Scotland/Publications/Consumer_Guides/Consumer_Guides.aspx</a> |
| Public note | View the guide free of charge at www.consumerfocus.org.uk... |
| 942 ## - ADDED ENTRY ELEMENTS (KOHA) | |
| Suppress in OPAC | 0 |
| Withdrawn status | Lost status | Source of classification or shelving scheme | Damaged status | Not for loan | Home library | Current library | Shelving location | Date acquired | Total Checkouts | Full call number | Barcode | Date last seen | Copy number | Price effective from | Koha item type |
|---|---|---|---|---|---|---|---|---|---|---|---|---|---|---|---|
| Dewey Decimal Classification | Virtual | Virtual | Online | 29/09/2009 | ONLINE PUBLICATION | 148526-3001 | 06/08/2019 | 1 | 06/08/2019 | Book |